000 00641nam a2200193 i 4500
001 130458
003 ES-MaACL
005 20230906193740.0
007 t|
008 070730s1988 sp a |||| | spa d
020 _a84-505-7486-2
100 1 _aZapatero, Juan Manuel.
_9118008
245 1 4 _aLas fortalezas de Puerto Cabello /
_cJuan Manuel Zapatero.
260 _aMadrid :
_bMinisterio de Defensa, Servicio Histórico Militar,
_c[1988]
300 _a364 p. :
_bil. ;
_c35 cm.
650 1 4 _aFortificaciones-
_zPuerto Cabello (Venezuela)
_9169356
710 1 _aEspaña.
_bServicio Histórico Militar.
_93980
852 _aES-MaACL
_jL-12271
999 _c130458
_d130458